000 00952cam a2200241 a 4500
001 3459010
005 20250130172119.0
008 920701s1992 ilu b 000 0 eng
020 _a0802463827
050 0 0 _aHQ10.5.U6
_bW75 1992
082 0 0 _a362.82/86
_220
100 1 _aWright, H. Norman.
245 1 4 _aThe premarital counseling handbook /
_cH. Norman Wright.
260 _aChicago :
_bMoody Press,
_cc1992.
300 _a271 p. ;
_c24 cm.
500 _aRev. ed. of: Premarital counseling. c1981.
650 0 _aMarriage counseling
_xUnited States.
700 1 _aWright, H. Norman.
_tPremarital counseling.
856 4 2 _3Publisher description
_uhttp://www.loc.gov/catdir/enhancements/fy0609/92181116-d.html
856 4 2 _3Contributor biographical information
_uhttp://www.loc.gov/catdir/enhancements/fy1308/92181116-b.html
856 4 1 _3Table of contents only
_uhttp://www.loc.gov/catdir/enhancements/fy1308/92181116-t.html
942 _2lcc
_cBK
_n0
999 _c3269
_d3269